000 01058 a2200241 4500
003 UA-OsUOA
005 20230131141108.0
008 230125b un ||||| |||| 00| 0 ukr d
020 _a9789669798930
040 _aUA-OsUOA
_bukr
_cUA-OsUOA
_dUA-OsUOA
041 _aukr
080 _a7.079(477):82.09
090 _a7.079(477):82.09
_bА68
100 _aБаландін Ф.
245 _aАнна Київська. Літопис Міжнародного фестивалю мистецтв "Anne de Kyiv Fest". Панєвропейський проект "Шлях Королеви". Свята Анна Київська, Королева Франції. Історія і легенди
_cФедір Баландін, Мішель Лярош
260 _aК.
_bПінзель
_c2021
300 _a172 с.
650 _2UDC
_a7 Мистецтво
700 1 _aЛярош М.
942 _cBK
_2udc
955 _a4
999 _c573676
_d573676